|
|
|
|
| LEADER |
00000nas a2200000 a 4500 |
| 001 |
ssj0000356 |
| 003 |
WaSeSS |
| 005 |
20200512172242.0 |
| 006 |
m d |
| 007 |
cr n |
| 008 |
050614d19561996cauqr pss 0 a0eng c |
| 010 |
|
|
|a 2006238376
|
| 016 |
7 |
|
|a B02460000
|2 DNLM
|
| 022 |
|
|
|a 1932-300X
|l 0005-7940
|y 0005-7940
|
| 030 |
|
|
|a BEHSAS
|
| 035 |
|
|
|a (WaSeSS)ssj0000356
|
| 037 |
|
|
|b P.O. Box 40, Fallbrook, California 92008
|
| 040 |
|
|
|a OCLCS
|b eng
|c OCLCS
|d BUF
|d OCLCQ
|d IUL
|d NSD
|d OCLCQ
|d GBT
|d UX0
|d OCLCQ
|d OCLCA
|d VT2
|d OCLCQ
|d OCLCO
|d OCLCF
|d OCLCO
|d OCLCQ
|d WYU
|d U3W
|d OCLCO
|d WaSeSS
|
| 042 |
|
|
|a pcc
|a nsdp
|
| 050 |
1 |
4 |
|a BF1
|b .B42
|
| 060 |
|
4 |
|a W1
|b BE132
|
| 082 |
0 |
4 |
|a 150/.5
|2 19
|
| 130 |
0 |
|
|a Behavioral science (Online)
|
| 210 |
0 |
|
|a Behav. sci.
|b (Online)
|
| 222 |
|
0 |
|a Behavioral science
|b (Online)
|
| 245 |
1 |
0 |
|a Behavioral science
|h [electronic resource].
|
| 260 |
|
|
|a Baltimore, Md. :
|b Mental Health Research Institute, University of Michigan,
|c 1956-
|
| 310 |
|
|
|a Quarterly,
|b 1981-1996
|
| 321 |
|
|
|a Quarterly,
|b 1956-1965
|
| 321 |
|
|
|a Bimonthly,
|b 1966-1980
|
| 362 |
0 |
|
|a Vol. 1, no. 1 (Jan. 1956)-v. 41, no. 4 (Oct. 1996).
|
| 500 |
|
|
|a Published: San Diego, C.A. : Behavioral Science and the General Systems Science Foundation, <July 1992->; published: Fallbrook, C.A. : General Systems Science Foundation, -1996.
|
| 500 |
|
|
|a Title from journal record screen (ProQuest, viewed: May 11, 2006).
|
| 506 |
|
|
|a License restrictions may limit access.
|
| 538 |
|
|
|a Mode of access: World Wide Web.
|
| 550 |
|
|
|a Vols. for 1956-1966 official publication of: Mental Health Research Institute, University of Michigan (Apr. 1964-1966 with: Institute of Management Sciences); 1973- journal of: Society for General Systems Research; -1996 journal of: International Society for the Systems Sciences.
|
| 550 |
|
|
|a Vols. for 1967-1996 sponsored/co-sponsored by: Institute of Management Sciences (1967-1970 with: Fund for the Behavioral Sciences).
|
| 580 |
|
|
|a Merged with: Systems research (Online); to form: Systems research and behavioral science (Online).
|
| 650 |
|
0 |
|a Psychology
|v Periodicals.
|
| 650 |
|
0 |
|a Social sciences
|v Periodicals.
|
| 650 |
|
7 |
|a Psychology.
|2 fast
|0 (OCoLC)fst01081447
|
| 650 |
|
7 |
|a Social sciences.
|2 fast
|0 (OCoLC)fst01122877
|
| 650 |
|
2 |
|a Behavioral Sciences.
|
| 650 |
1 |
2 |
|a Behavior.
|
| 650 |
2 |
2 |
|a Mental Health.
|
| 650 |
2 |
2 |
|a Psychophysiology.
|
| 655 |
|
0 |
|a Electronic journals.
|
| 710 |
2 |
|
|a University of Michigan.
|b Mental Health Research Institute.
|
| 710 |
2 |
|
|a General Systems Science Foundation.
|
| 710 |
2 |
|
|a Fund for the Behavioral Sciences (U.S.)
|
| 710 |
2 |
|
|a Institute of Management Sciences.
|
| 710 |
2 |
|
|a Society for General Systems Research.
|
| 710 |
2 |
|
|a International Society for the Systems Sciences.
|
| 776 |
1 |
|
|t Behavioral science
|x 0005-7940
|w (DLC)a 58001607
|w (OCoLC)1425889
|
| 785 |
1 |
7 |
|t Systems research (Online)
|x 1099-1735
|w (DLC) 2001212274
|w (OCoLC)42694044
|
| 785 |
1 |
7 |
|t Systems research and behavioral science (Online)
|x 1099-1743
|w (DLC) 00238330
|w (OCoLC)42694192
|
| 856 |
4 |
0 |
|z Full text available from Research Library: 10/01/1995 to 10/31/1996
|u https://search.proquest.com/publication/41994
|